|
|
|
|
| LEADER |
00000aam a2200000 i 4500 |
| 001 |
115719 |
| 003 |
CZ-ZlUTB |
| 005 |
20260529085401.0 |
| 007 |
ta |
| 008 |
260323t20262026xr a a f 000 0 cze |
| 015 |
|
|
|a cnb003756054
|
| 020 |
|
|
|a 978-80-7698-119-5
|q (brožováno)
|
| 040 |
|
|
|a OSA001
|b cze
|d CBA001
|d ZLD002
|e rda
|
| 072 |
|
7 |
|a 159.93/.94
|x Senzorické a motorické funkce. Emoce. Vůle
|2 Konspekt
|9 17
|
| 072 |
|
7 |
|a 0/9-053.2
|x Literatura pro děti a mládež (naučná)
|2 Konspekt
|9 26
|
| 080 |
|
|
|a 316.346.32-053.4
|2 MRF
|
| 080 |
|
|
|a 159.931
|2 MRF
|
| 080 |
|
|
|a (0.053.2)
|2 MRF
|
| 080 |
|
|
|a (076.1)
|2 MRF
|
| 100 |
1 |
|
|a Šťovíčková, Jitka,
|d 1975-
|7 pna20261296146
|4 aut
|
| 245 |
1 |
0 |
|a Trénujeme zrakové vnímání :
|b pomocníček pro předškoláky : pro děti 5-7 let /
|c text: Jitka Šťovíčková ; ilustrace: Jitka Paldusová
|
| 246 |
3 |
|
|a Zrakové vnímání
|
| 264 |
|
1 |
|a Praha :
|b Pierot,
|c [2026]
|
| 264 |
|
4 |
|c ©2026
|
| 300 |
|
|
|a 40 stran :
|b ilustrace ;
|c 30 cm
|
| 336 |
|
|
|a text
|b txt
|2 rdacontent
|
| 336 |
|
|
|a statický obraz
|b sti
|2 rdacontent
|
| 337 |
|
|
|a bez média
|b n
|2 rdamedia
|
| 338 |
|
|
|a svazek
|b nc
|2 rdacarrier
|
| 490 |
1 |
|
|a Zrakové vnímání
|
| 500 |
|
|
|a Název a nakladatelské údaje převzaty z obálky
|
| 521 |
1 |
|
|a Pro děti od 5-7 let
|
| 650 |
0 |
7 |
|a zrak
|7 ph127684
|2 czenas
|
| 650 |
0 |
7 |
|a vizuální vnímání
|7 ph116789
|2 czenas
|
| 650 |
0 |
7 |
|a děti předškolního věku
|7 ph119710
|2 czenas
|
| 650 |
0 |
9 |
|a vision
|2 eczenas
|
| 650 |
0 |
9 |
|a visual perception
|2 eczenas
|
| 650 |
0 |
9 |
|a preschool children
|2 eczenas
|
| 655 |
|
7 |
|a pracovní sešity
|7 fd133116
|2 czenas
|
| 655 |
|
7 |
|a publikace pro děti
|7 fd133156
|2 czenas
|
| 655 |
|
9 |
|a activity books
|2 eczenas
|
| 655 |
|
9 |
|a children’s literature
|2 eczenas
|
| 700 |
1 |
|
|a Paldusová, Jitka
|4 ill
|
| 710 |
2 |
|
|a Pierot (nakladatelství)
|7 vse2017954735
|4 pbl
|
| 830 |
|
0 |
|a Zrakové vnímání (Pierot)
|
| 910 |
|
|
|a ZLD002
|
| 942 |
|
|
|2 udc
|
| 952 |
|
|
|0 0
|1 0
|4 0
|6 373ŠŤOVÍČKOVÁJ
|7 -1
|8 BOOK
|9 191310
|a UTBZL
|b UTBZL
|c 005
|d 2026-05-26
|l 0
|o 373/ŠŤOVÍČKOVÁ,J.
|p 420010202031
|r 2026-05-26 09:27:47
|v 169.00
|w 2026-05-26
|x N:nákup
|y 01
|
| 992 |
|
|
|a BK
|b SK
|
| 999 |
|
|
|c 115719
|d 115719
|